000 00635nam a2200217Ia 4500
003 GCL
008 140319s9999 xx 000 0 ara d
040 _aGCL /
_cGCL
082 0 4 _aط
_b372.52
_bد ا
100 1 _aدار المعارف
245 1 0 _aعلاء الدين /
_cدار المعارف
260 _a[S.N] :
_bدار المعارف للطباعة والنشر ،
_c1992
300 _a16 ص
490 _aاقرأ ولون
_v0
650 0 4 _aالاطفال
650 0 4 _aالقصص
650 0 4 _aقصص الاطفال
650 0 4 _aتعليم وتدريس
650 0 4 _aالرسم بالالوان
942 _2ddc
_cBK
999 _c57396
_d57396